| 000 | 01785nam0a2200361 4500 | ||
|---|---|---|---|
| 001 | RU\NLR\bibl\12532 | ||
| 005 | 20260406091549.0 | ||
| 010 |
_a5-7531-0108-3 _925000 |
||
| 021 |
_aRU _b98-27552 _91315 |
||
| 035 | _a(NLR Aleph) 000012216 | ||
| 090 |
_a45126 _c45126 |
||
| 100 | _a19990204d1998 |||y0rusy50 ca | ||
| 101 | 0 | _arus | |
| 102 | _aRU | ||
| 105 | _ay ||||||||| | ||
| 200 | 1 |
_aПрава человека в свободной стране _eУчеб. пособие по правоведению для 8-9 кл. основной общеобразоват. шк. _f[А.В. Воронцов, А.В. Ильин, к.ю.н., С.А. Морозова, к.п.н. и др.] |
|
| 210 |
_aСПб. _cСпец. лит. _d1998 |
||
| 215 |
_a479 с. _cсхем. _d21 |
||
| 225 | 1 | _aПравоведение | |
| 606 | 0 |
_aПрава человека _jРуководства, пособия и т.п. для средней школы _91664384 _3RU\NLR\auth\66737686 |
|
| 606 | 0 |
_aПрава человека _jУчебные издания для средней школы _91664384 _3RU\NLR\auth\66737686 |
|
| 606 | 0 |
_aПраво _jРуководства, пособия и т.п. для средней школы _9894779 _3RU\NLR\auth\664055 |
|
| 606 | 0 |
_aПраво _jУчебные издания для средней школы _9894779 _3RU\NLR\auth\664055 |
|
| 686 | _aХ0я72 | ||
| 700 | 1 |
_4070 _7ca _8rus _aВоронцов _bА. В. _cд-р филос. наук _f1941- _gАлексей Васильевич _943650 _3RU\NLR\auth\7760720 |
|
| 701 | 1 |
_aИльин _bА. В. _4070 |
|
| 701 | 1 |
_aМорозова _bС. А. _4070 |
|
| 801 | 0 |
_aRU _bNLR _c19990204 _gPSBO |
|
| 801 | 1 |
_aRU _bNLR _c19990204 |
|
| 852 |
_aNLR _j98-5/2735 |
||
| 942 | _cBOOK | ||
| 980 | _aNB | ||